| 000 | 00499nam a2200181Ia 4500 | ||
|---|---|---|---|
| 005 | 20250508160524.0 | ||
| 008 | 008 250505s9999 xx 000 0 eng d | ||
| 037 | _aTextual | ||
| 040 |
_aFEDL _beng _cFEDL |
||
| 041 |
_aeng _2eng |
||
| 084 |
_a517, REE _qFEDL |
||
| 100 |
_aRees Paul K _9756152 |
||
| 245 | 0 | _aCalculus with analytic geometry | |
| 260 |
_aNew York, USA _bMcGraw-Hill Book Company _c1969 |
||
| 300 | _a617p. | ||
| 942 |
_cTEXL _h517, REE |
||
| 999 |
_c1365136 _d1365136 |
||